000 00610nam a2200181Ia 4500
008 151018s9999 xx 000 0 und d
082 _bRBASDV35478
_a891.463
100 _aअविनाश भट्ट
245 _aविक्रम आणि वेताळ
250 _b1
260 _bपुष्प प्रकाशन पुणे
_c2002
300 _a32
600 _aअविनाश भट्ट
630 _aविक्रम आणि वेताळ
700 _aअविनाश भट्ट
730 _aविक्रम आणि वेताळ
942 _cBOOK
999 _c1034953
_d1034950